Districts in Adana - Statistics

General Stats
  • This quiz has been taken 16 times
  • The average score is 13 of 15
Answer Stats
District % Correct
Ceyhan
100%
Kozan
100%
Pozantı
100%
Seyhan
100%
Yüreğir
100%
Yumurtalık
92%
Çukurova
83%
İmamoğlu
83%
Karaisalı
83%
Saimbeyli
83%
Tufanbeyli
83%
Karataş
75%
Sarıçam
75%
Aladağ
67%
Feke
58%
No matching quizzes found
Score Distribution
Percent of People with Each Score
Percentile by Number Answered
Your Score History
You have not taken this quiz